Vista normal
Vista MARC
Entrada Término temático
Número de registros utilizados en: 2
001 - NÚMERO DE CONTROL
- campo de control: 80959
003 - IDENTIFICADOR DEL NÚMERO DE CONTROL
- campo de control: DO-SdBNP
005 - FECHA Y HORA DE LA ÚLTIMA TRANSACCIÓN
- campo de control: 20220118101628.0
008 - DATOS DE LONGITUD FIJA
- campo de control de longitud fija: 220118|| aca||aabn | a|a d
040 ## - FUENTE DE LA CATALOGACIÓN
- Centro catalogador/agencia de origen: DO-SdBNP
- Centro/agencia transcriptor: DO-SdBNP
150 ## - ENCABEZAMIENTO--TÉRMINO DE MATERIA
- Término de materia o nombre geográfico como elemento de entrada: Perinatología
670 ## - FUENTE DE DATOS ENCONTRADOS
- Cita de la fuente: Work cat.: (DO-SdBNP): Centro Nacional de Investigaciones En Salud Materno-Infantil Dr. Hugo Mendoza 80958, Evaluación de la calidad de atención a la embarazada y al niño sano en centros de primer nivel de atención de las regiones de salud III.IV, V y VI de la República Dominicana :, 2010
